000 00671 a2200217 4500
020 _a0669417378
035 _a(InU)AKY9645SE
035 _a(OCoLC)ocm37515154
040 _aDLC
082 0 4 _a516.242
100 1 _aLarson, Ron,
245 1 0 _aTrigonometry
_cRoland E. Larson, Robert P. Hostetler ; with the assistance of David E. Heyd.
250 _a4th ed.
260 _aBoston :
_bHoughton Mifflin,
_cc1997
300 _axxiv, 506, 146 p. :
_bill. (some col.) ;
_c24 cm. +
_einstructor's annotated edition.
500 _aIncludes indexes.
650 0 _aTrigonometry.
700 1 _aHostetler, Robert P.
700 1 _aHeyd, David E.
942 _cBK
_k516.242 LAR
_2ddc
999 _c7609
_d7609